Personnalités avec des initiales en E - Statistiques

Statistiques générales
  • Ce quiz a été pris 78 fois
  • Le résultat moyen est 12 sur 26
Statistiques - réponses
Description Personnalité % Correct
EZ Auteur de "Germinal" ou "J'accuse" Émile Zola
86%
EW Actrice révélée dans la saga Harry Potter Emma Watson
86%
EX y'avait personne désolé mettez "ex" ex
85%
EM Milliardaire controversé et entrepreneur Elon Musk
84%
EJ Humoriste fidèle acolyte de Ramzy Eric Judor
84%
EB Haute fonctionnaire grande adepte du 49.3 Élisabeth Borne
81%
ES Chanteur roux ses albums sont: "+", "x" et "÷" Ed Sheeran
78%
EF Pilote automobile et créateur de la marque au cheval cabré Enzo Ferrari
75%
EP Surnommé "Le King" Elvis Presley
70%
EL Femme au foyer désespérée et ex femme de Tony Parker Eva Longoria
70%
EC Footballeur uruguayen "El Matador" Edinson Cavani
55%
ED Présentatrice météo TF1 & LCI Évelyne Dhéliat
55%
EH Legende des Blues et des Diables Rouges Eden Hazard
52%
EI Interprète de "Bailando" ou "Subeme la radio" Enrique Iglesias
45%
EO Pilote de Formule 1 Esteban Ocon
44%
EN Rugbyman français, son fils est également international Émile Ntamack
34%
EQ Footballeur du Sporting Portugal, cousin de Ricardo Eduardo Quaresma
30%
EE Actrice révélée dans la série "Elite" Ester Expósito
27%
ET Réalisateur français, on lui doit notamment Intouchables Éric Toledano
26%
EK Premier marathonien sous la barre des 2h (record non homologué) Eliud Kipchoge
25%
EG Donne la réplique à François Civil dans "Les 3 Mousquetaires" Eva Green
14%
EA Membre de Linkin Park depuis 2024 Emily Armstrong
10%
ER Actrice et mannequin américaine Emily Ratajkowski
10%
EV Star des architectes du XIXe siècle, créateur de la Flèche de ND. de Paris Eugène Viollet-le-Duc
10%
EY Auteur de "La Tentation de l'ombre" Éric Yung
0%
EU Pilote de chasse et général allemand décédé en 1941 Ernst Udet
0%
Aucun quiz correspondant
Distribution des résultats
% des personnes avec chaque résultat
Percentile par nombre de réponses
Votre historique - résultats
Vous n’avez pas pris ce quiz